ბათუმის შოთა რუსთაველის სახელმწიფო უნივერსიტეტის ბიბლიოთეკა

სენსონევრალური სმენაჩლუნგობის პრობლემის თავისებურებანი ციტომეგალოვირუს მატარებელ სკოლამდელ და უმცროსი სასკოლო ასაკის ბავშვებში / (ბიბ.ჩანაწერი № 51751)

000 -ლიდერი
ფიქსირებული სიგრძის საკონტროლო ველი 02050nam a2200253Ia 4500
001 - საკონტროლო ნომერი
საკონტროლო ველი 18743
003 - საკონტროლო ნომრის იდენტიფიკატორი
საკონტროლო ველი GE_BSU
005 - ბოლო ოპერაციის თარიღი და დრო
საკონტროლო ველი 20210415124028.0
008 - ფიქსირებული სიგრძის მონაცემთა ელემენტები - ზოგადი ინფორმაცია
ფიქსირებული სიგრძის საკონტროლო ველი 181216s2014||||ge |||||||||||||| ||geo||
040 ## - კატალოგიზაციის წყარო
Transcribing agency GE_BSU
041 ## - ენის კოდი
Language code of text/sound track or separate title geo
080 ## - უნივერსალური ათობითი კლასიფიკაციის ინდექსი
Universal Decimal Classification number 61 დ-28
100 ## - მთავარი ჩანაწერი - პიროვნების სახელი
Personal name დევდარიანი, თეონა
9 (RLIN) 11380
245 ## - ცნობა სათაურის შესახებ
Title სენსონევრალური სმენაჩლუნგობის პრობლემის თავისებურებანი ციტომეგალოვირუს მატარებელ სკოლამდელ და უმცროსი სასკოლო ასაკის ბავშვებში /
Statement of responsibility, etc თეონა დევდარიანი ; სამეცნ. ხემძღვ.: ნინო მანჯავიძე, ქეთევან გოგბერაშვილი, ზურაბ ქევანიშვილი ; თბილისის სახელმწიფო სამედიცინო უნივერსიტეტი.
264 ## - წარმოების, გამოცემის, დისტრიბუციის და სხვა ცნობები
გამოცემის, წარმოების, დისტრიბუციის... ადგილი თბილისი,
გამოცემის, წარმოების, დისტრიბუციის... თარიღი 2014.
300 ## - ფიზიკური აღწერა
Extent 127გვ.;
Other physical details 30 სმ.
653 ## - INDEX TERM--UNCONTROLLED
Uncontrolled term დისერტაცია
653 ## - INDEX TERM--UNCONTROLLED
Uncontrolled term მედიცინა
653 ## - INDEX TERM--UNCONTROLLED
Uncontrolled term სენსონევრალური სმენაჩლუნგობის პრობლემის თავისებურებანი ციტომეგალოვირუს მატარებელ სკოლამდელ და უმცროსი სასკოლო ასაკის ბავშვებში
700 ## - ADDED ENTRY--PERSONAL NAME
Personal name მანჯავიძე, ნინო
Relator term სამეცნიერო ხელმძღვანელი
9 (RLIN) 11381
700 ## - ADDED ENTRY--PERSONAL NAME
Personal name ქევანიშვილი, ზურაბ
Relator term სამეცნიერო ხელმძღვანელი
9 (RLIN) 10833
700 ## - ADDED ENTRY--PERSONAL NAME
Personal name ხარძეიშვილი, ომარ
Relator term სამეცნიერო ხელმძღვანელი
9 (RLIN) 11382
942 ## - ADDED ENTRY ELEMENTS (KOHA)
Koha item type წიგნი
Source of classification or shelving scheme
ეგზემპლარები
ჩამოწერის სტატუსი დაკარგული ეგზემპლარის სტატუსი კლასიფიკაციის წყარო ან თაროზე გაწყობის სქემა დაზიანების სტატუსი არ გაიცემა მუდმივი მდებარეობა (დაცვის ადგილი) ამჟამინდელი ადგილსამყოფელი თაროზე განთავსების ადგილი შეძენის თარიღი სრული შენახვის შიფრი შტრიხკოდი ბოლო ოპერაციის თარიღი ეგზემპლარის მიმდევრობითი ნომერი (კეტერი?) ფასის ძალაში შესვლის თარიღი ეგზემპლარის სახეობა
          ბათუმის შოთა რუსთაველის სახელმწიფო უნივერსიტეტის მთავარი ბიბლიოთეკა ბათუმის შოთა რუსთაველის სახელმწიფო უნივერსიტეტის მთავარი ბიბლიოთეკა წიგნსაცავი 2018-12-17 61 დ-28 190 დისერტ. 2018-12-17 190 2018-12-17 დისერტაცია